| 000 -LEADER |
| fixed length control field |
00657nam a22002417a 4500 |
| 001 - CONTROL NUMBER |
| control field |
13931207 |
| 005 - DATE AND TIME OF LATEST TRANSACTION |
| control field |
20131106101121.0 |
| 008 - FIXED-LENGTH DATA ELEMENTS--GENERAL INFORMATION |
| fixed length control field |
050415s2006 ohua b 001 0 eng |
| 020 ## - INTERNATIONAL STANDARD BOOK NUMBER |
| International Standard Book Number |
0324319568 |
| 041 0# - LANGUAGE CODE |
| Language code of text/sound track or separate title |
eng |
| 080 ## - UNIVERSAL DECIMAL CLASSIFICATION NUMBER |
| Universal Decimal Classification number |
330.322 |
| 100 1# - Rafti |
| Rafti |
Mayo, Herbert B. |
| 245 10 - TITLE STATEMENT |
| Title |
Basic investments / |
| Statement of responsibility, etc |
Herbert Mayo. |
| 250 ## - |
| -- |
1e [ed.] |
| 260 ## - |
| -- |
Mason, Ohio : |
| -- |
Thomson/South-Western, |
| -- |
2006. |
| 300 ## - |
| -- |
500 f. : |
| -- |
me ill. ; |
| -- |
27 cm. |
| 440 #0 - |
| -- |
Series in finance |
| 500 ## - |
| -- |
Preface = Parathënie : f. [XVII] - XX |
| 500 ## - |
| -- |
Index : f. 491 - 500 |
| 650 #0 - |
| -- |
Investimet |
| 650 #0 - |
| -- |
Analiza e investimeve |
| 942 ## - ADDED ENTRY ELEMENTS (KOHA) |
| Source of classification or shelving scheme |
|
| Item type |
Books |